| 000 | 00590nam a22001937a 4500 | ||
|---|---|---|---|
| 005 | 20140310065704.0 | ||
| 008 | 091119s2010 nyua f 000 0 eng | ||
| 020 | _a9780071638180 | ||
| 080 | _2311.1 | ||
| 100 | 1 | _aMcCune, Sandra Ph.D. | |
| 245 | 1 | 0 |
_aPractice Makes Perfect/ _cSandra McCune, Ph.D.; |
| 250 | _a1 st.ed.; | ||
| 260 |
_aNew York : _bMcGraw-Hill _c2010. |
||
| 300 |
_a147 f. : _bme il. ; _c27 cm. |
||
| 650 | 0 | _aKonceptet bazë të statistikës | |
| 650 | 0 | _aStatistika matematikë | |
| 830 | 0 | _aPractice makes perfect (McGraw-Hill Companies) | |
| 942 |
_2udc _cBK |
||
| 999 |
_c411 _d411 |
||